000 00225nam a22000857a 4500
008 161227b xxu||||| |||| 00| 0 eng d
100 _92186
_aGupta.S.P
245 _aWork Book Social and Political -7
260 _aNew Delhi
_bAPC
_c2011
999 _c5075
_d5075